| 000 | 00846aam a2200325 4500 | ||
|---|---|---|---|
| 005 | 20250701170159.0 | ||
| 008 | 150608b2010 xxu||||| |||| 00| 0 spa d | ||
| 020 | _a9789968317252 | ||
| 041 | _aESP | ||
| 082 | _a330 G822f | ||
| 100 |
_aGregory, Paul A _935827 |
||
| 245 | _aFundamentos de economía: guía de estudio | ||
| 260 | _aMéxico | ||
| 260 | _bEditorial Patria | ||
| 260 | _c2010 | ||
| 490 | _aDirección y Administración de Empresas | ||
| 650 | _aECONOMÍA | ||
| 650 | _aMICROECONOMÍA | ||
| 650 | _aMONOPOLIO | ||
| 650 | _aOLIGOPOLIO | ||
| 650 | _aINFLACIÓN | ||
| 650 | _aCOMERCIO INTERNACIONAL | ||
| 650 | _aSISTEMA FINANCIERO | ||
| 650 | _aBIENES PÚBLICOS | ||
| 650 | _aOFERTA | ||
| 650 | _aDEMANDA | ||
| 650 | _aGASTO GUBERNAMENTAL | ||
| 650 | _aSISTEMA MONETARIO INTERNACIONAL | ||
| 942 |
_cBK _2ddc |
||
| 999 |
_c11850 _d11850 |
||